| 000 | 00408nam a2200181Ia 4500 | ||
|---|---|---|---|
| 001 | 3027 | ||
| 005 | 20260306144850.0 | ||
| 008 | 260306t1985||||xx |||||||||||||| ||spa|| | ||
| 041 | _aESP | ||
| 082 |
_a242.1 _bW33 |
||
| 100 |
_aWay, Robert E. _eAUT |
||
| 245 | 0 | _aEl jardín del amado | |
| 260 | _c1985 | ||
| 300 |
_a95 páginas : _c21 cm. |
||
| 650 | _aGEN | ||
| 654 | _aCHU | ||
| 942 |
_cLIB _dJUS _fJUS _2ddc _n |
||
| 999 |
_c3027 _d3027 |
||